Junior Classics-4: (Record no. 204875)

MARC details
000 -LEADER
fixed length control field 00758nam a22002057a 4500
005 - DATE AND TIME OF LATEST TRANSACTION
control field 20240806124522.0
010 ## - LCCN (DPL NO)
LC control number B-760116 CH-EN
020 ## - INTERNATIONAL STANDARD BOOK NUMBER
International Standard Book Number 9788129138880
Terms of availability 140.00
035 ## - SYSTEM CONTROL NUMBER
System control number B-760116 CH-EN
037 ## - SOURCE OF ACQUISITION
Source of stock number/acquisition Gift
Stock number dpl
082 ## - DEWEY DECIMAL CLASSIFICATION NUMBER
Classification number S
245 ## - TITLE STATEMENT
Title Junior Classics-4:
Remainder of title Heidi, a tale of the two cities, little women, black beauty /
260 ## - PUBLICATION, DISTRIBUTION, ETC. (IMPRINT)
Place of publication, distribution, etc New Delhi
Name of publisher, distributor, etc Red Turtle Rupa
Date of publication, distribution, etc 2016
270 ## - ADDRESS
Address 7/16, Ansari Road, Daryaganj
City New Delhi
Postal code 110002
300 ## - PHYSICAL DESCRIPTION
Extent 127p.
Dimensions 18cm(pbk)
490 ## - SERIES STATEMENT
Series statement Junor Clssics
Volume number/sequential designation 20 Volumes
650 ## - SUBJECT ADDED ENTRY--TOPICAL TERM
Topical term or geographic name as entry element Children's literature.
942 ## - ADDED ENTRY ELEMENTS (KOHA)
Item type Children Books
Source of classification or shelving scheme Dewey Decimal Classification
Call number suffix JUN
Classification part S
Holdings
Withdrawn status Lost status Not for loan Collection code Home library Current library Date acquired Source of acquisition Cost, normal purchase price Full call number Barcode Copy number Cost, replacement price Koha item type Public note
      Fiction Kadipur Kadipur 06/08/2024 Gift/6.8.24 140.00 JUN S B-760116 1 140.00 Children Books Gift

© Delhi Public Library
Hit Counter
free hit counter